Měsíční lucerna : 2. stupeň cestičky světlušek /

Další autoři: Kupka, Ondřej, Skácel, Petr, 1924-1993, Ráž, Václav, 1967-
Jazyk: Čeština
Vydáno: Praha : Junák - svaz skautů a skautek ČR, 2010
Vydání: 1. vyd.
Témata:
Fyzický popis: 71 s. : barev. il. ; 22 cm
Knihy
Uloženo v:
LEADER 01931nam a2200505 a 4500
001 nkc20102115968
003 CZ PrNK
005 20101001122842.0
007 ta
008 100804s2010 xr a b 000 0 cze
015 |a cnb002115968 
020 |a 978-80-86825-53-3  |q (brož.) 
035 |a (OCoLC)681494005 
040 |a BOA001  |b cze  |d ABA001 
072 7 |a 37  |x Výchova a vzdělávání  |2 Konspekt  |9 22 
072 7 |a 0/9-053.2  |x Literatura pro děti a mládež (naučná)  |2 Konspekt  |9 26 
080 |a [379.8.03:061.2]-055.25  |2 MRF 
080 |a 379.8.03:061.2  |2 MRF 
080 |a (0.053.2)  |2 MRF 
080 |a (076.1)  |2 MRF 
245 0 0 |a Měsíční lucerna :  |b 2. stupeň cestičky světlušek /  |c [autoři ... Ondřej Kupka - Dick ... et al. ; ilustrace Petr Skácel, Václav Ráž] 
246 1 |i Název v tiráži:  |a Měsíční lucerna - 2. stupeň cestičky světlušek 
250 |a 1. vyd. 
260 |a Praha :  |b Junák - svaz skautů a skautek ČR,  |c 2010 
300 |a 71 s. :  |b barev. il. ;  |c 22 cm 
500 |a Název z obálky 
500 |a Obsahuje 2 listy se samolepkami (v rámci stránkování) 
500 |a 2000 výt. 
650 0 7 |a světlušky (skautky)  |7 ph234817  |2 czenas 
650 0 7 |a skauting  |7 ph116152  |2 czenas 
650 0 9 |a girl scouts  |2 eczenas 
650 0 9 |a scouting  |2 eczenas 
655 7 |a publikace pro děti  |7 fd133156  |2 czenas 
655 7 |a pracovní sešity  |7 fd133116  |2 czenas 
655 9 |a children's literature  |2 eczenas 
655 9 |a activity books  |2 eczenas 
700 1 |a Kupka, Ondřej  |7 xx0060460  |4 aut 
700 1 |a Skácel, Petr,  |d 1924-1993  |7 jn99240001088  |4 ill 
700 1 |a Ráž, Václav,  |d 1967-  |7 mzk2010589747  |4 ill 
910 2 |a BOA001  |b 2-1247.137 
928 9 |a Junák - svaz skautů a skautek České republiky 
990 |a BK 
995 |a 01 
991 |b 201008  |e dn 
996 6 |b 2610443804  |c 2-1247.137  |l MZK  |r Sklad / do 1 hodiny  |n 0  |p p.v.  |w 001133736  |u 000010  |a 1  |e BOA001  |j MZK50  |s P